| 000 | 00568nam a2200169 4500 | ||
|---|---|---|---|
| 999 |
_c4026 _d4026 |
||
| 008 | 160822b xxu||||| |||| 00| 0 eng d | ||
| 022 | _a2094-8042 | ||
| 082 | _aDPer 370.105 M72 Jan-Dec 2012 v. 60-61 | ||
| 100 |
_913441 _aBona, Randy A. |
||
| 243 | _a | ||
| 245 |
_aTips on how to become an effective school administrator/ _cRandy A. Bona. |
||
| 260 |
_aPhilippines: _bIn the Grade School, Inc., _c©2012. |
||
| 300 |
_av60 n8, pages 318-319; _c28 cm. |
||
| 500 | _aThe Modern Teacher. | ||
| 650 | 0 |
_913442 _aSchools _xAdministration |
|
| 942 |
_2ddc _cPER |
||